00994nam a22002295i 4500001000700000003000900007005001700016008004100033080004600074100002700120245010700147260006400254300003900318490004000357500004000397600003500437710007800472830004800550852002400598999001900622952012300641170532ES-MaACL20230906214406.0090312s1923 ag |||| | spa d a821.134.2(82) Fernández, Francisco 2.070 aRojas, Ricardo.99905813aUn dramaturgo olvidado b: Don Francisco Fernández y sus "obras dramáticas" / cpor Ricardo Rojas. aBuenos Aires : bInstituto de Literatura Argentina, c1923. a23 p., [1] h. de lám. ; c23 cm.1 aSección crítica. ; vT.I, nº 1 aRetr. de D. Franciscio Fernández.14aFernández, Francisco.9493632 aUniversidad de Buenos Aires. bInstituto de Literatura Argentina.91396140 aSección crítica. ; vT.I, nº 19188947 aES-MaACLjC-8234(1) c170532d170532 00104070aATENEOMbATENEOMcSPALd2009-03-12eSCl0oC-8234(1)p1178963r2023-02-23 00:00:00w2023-02-23yMONOGRAFIA